000 00654nam a2200205Ii 4500
003 JO-AjNU
008 230605s9999||||xx |||||||||||||| ||und||
040 _aJO-AjNU
_bara
_erda
_cJO-AjNU
041 _aara
050 1 4 _aPJ7826 2005
100 3 _aتأليف المناصير، فاروق,
_eauthor
_935904
245 0 0 _aالسماء لاتقبل الرشوة:مجموعة قصصية حقيقية
250 _aط1
264 3 1 _aعمان:دار عمار،2005
300 _a123ص
336 _atext
_btxt
_2rdacontent
337 _aunmediated
_bn
_2rdamedia
338 _avolume
_bnc
_2rdacarrier
650 4 _aالأدب العربي - قصص
_935905
999 _aA14867
_c18435
_d18435